| 000 | 00527nam a2200169 i 4500 | ||
|---|---|---|---|
| 001 | bg | ||
| 245 | 0 | 0 |
_aSkoroszyt Szkieletowca : _bczyli informacje o produktach stosowanych w budownictwie szkieletowym dostępnych na polskim rynku / _cCentrum Budownictwa Szkieletowego. |
| 260 |
_aGdańsk : _bProPol CBS, _c[2000]. |
||
| 300 | _aSkoroszyt. | ||
| 650 | 9 |
_aBudownictwo _xmateriały |
|
| 655 | _aKatalogi | ||
| 040 | _cBPK | ||
| 041 | 0 | _apl | |
| 080 | _a691(085.2) | ||
| 942 | _cKA | ||
| 008 | s pl f |000 0 pol | ||
| 999 |
_c24271 _d24271 |
||
| 856 |
_uhttp://koha.tu.koszalin.pl/cgi-bin/koha/opac-detail.pl?biblionumber=24271 _yKatalog online BPK |
||